| 000 | 00391nam a2200121Ia 4500 | ||
|---|---|---|---|
| 008 | 220615s9999||||xx |||||||||||||| ||und|| | ||
| 100 | _aTimmermans, Nora | ||
| 245 | 0 | _aChapter 3 Benjamin Constant and the limits of popular sovereignty | |
| 546 | _aEnglish[eng] | ||
| 650 | _alaw | ||
| 856 | _uhttps://library.oapen.org/bitstream/20.500.12657/47019/1/9781003039525_oachapter3.pdf | ||
| 942 | _cEB | ||
| 999 |
_c9539 _d9539 |
||